[Event "48th Groningen Open A"]
[Site "Groningen NED"]
[Date "2011.12.29"]
[Round "8.12"]
[White "Kuipers, Stefan"]
[Black "Meng, Roger"]
[Result "1-0"]
[WhiteTitle "FM"]
[WhiteElo "2396"]
[BlackElo "2283"]
[WhiteFideId "1018400"]
[BlackFideId "1000152"]
[EventDate "2011.12.21"]

1. e4 c6 2. d4 d5 3. Nc3 dxe4 4. Nxe4 Nf6 5. Nxf6+ gxf6 6. c3 Qd5 7. Ne2 Bg4 8.
Qb3 Qxb3 9. axb3 Be6 10. Ra3 Nd7 11. Nf4 Bf5 12. Ra5 e5 13. dxe5 fxe5 14. Bd3
Bxd3 15. Nxd3 Bd6 16. O-O a6 17. Re1 O-O-O 18. f4 f6 19. f5 Bc7 20. Ra1 Rhg8 21.
Be3 Rg7 22. Nf2 Rdg8 23. g3 h5 24. Ne4 h4 25. Kg2 Rh8 26. Kf3 hxg3 27. hxg3 Rh5
28. Rh1 Rxf5+ 29. Ke2 Kd8 30. Rad1 Ke7 31. Rh8 b6 32. Bh6 Rf7 33. Rc8 Bb8 34. g4
Rf4 35. Bxf4 exf4 36. Rxd7+ Kxd7 37. Rxb8 Kc7 38. Rb7+ Kxb7 39. Nd6+ Kc7 40.
Nxf7 Kd7 41. Kf3 Ke6 42. Nh8 1-0

[Event "48th Groningen Open A"]
[Site "Groningen NED"]
[Date "2011.12.29"]
[Round "8.13"]
[White "Klein, David"]
[Black "Maatman, Nick"]
[Result "1-0"]
[WhiteTitle "FM"]
[WhiteElo "2378"]
[BlackElo "2029"]
[WhiteFideId "1003623"]
[BlackFideId "1040391"]
[EventDate "2011.12.21"]

1. e4 e6 2. d4 d5 3. Nd2 Nf6 4. e5 Nfd7 5. f4 c5 6. c3 cxd4 7. cxd4 Nc6 8. Ndf3
a5 9. Bd3 a4 10. Ne2 Nb6 11. O-O Be7 12. Kh1 O-O 13. g4 f6 14. Ng3 fxe5 15. fxe5
Bd7 16. Nh5 g6 17. Nf6+ Bxf6 18. exf6 Qxf6 19. Bh6 Rfe8 20. Ng5 Qxd4 21. Qf3 1-0

[Event "48th Groningen Open A"]
[Site "Groningen NED"]
[Date "2011.12.29"]
[Round "8.16"]
[White "Van Overdam, Julian"]
[Black "Georgiadis, Nico"]
[Result "1/2-1/2"]
[BlackTitle "FM"]
[WhiteElo "2244"]
[BlackElo "2316"]
[WhiteFideId "1015303"]
[BlackFideId "1300113"]
[EventDate "2011.12.21"]

1. e4 c5 2. Nc3 g6 3. f4 Nc6 4. Nf3 Bg7 5. Bb5 Nd4 6. O-O Nxb5 7. Nxb5 d5 8.
exd5 a6 9. Nc3 Nf6 10. d4 c4 11. Qe2 Nxd5 12. Qxc4 Be6 13. Qe2 Nxc3 14. bxc3 Rc8
15. Qe3 Bd5 16. Bd2 O-O 17. Ne5 e6 18. a4 b6 19. Rab1 Qc7 20. Rb2 Rb8 21. Rfb1
Rfc8 22. Qe2 a5 23. Be1 f6 24. Nd3 Bf8 25. Ra1 Bd6 26. Bd2 Qc6 27. Rbb1 Re8 28.
Re1 Bc7 29. Qf2 Rf8 30. Re2 Rbe8 31. Qh4 Qd7 32. Nb2 Bc6 33. Rae1 Qd5 34. Qh3 e5
35. fxe5 fxe5 36. dxe5 Rxe5 37. Rxe5 Bxe5 38. Nd3 Bg7 39. Qg4 Bd7 40. Qe4 Qxe4
41. Rxe4 Rc8 42. Kf2 Bxc3 43. Ke1 Bf5 44. Rf4 Bg7 45. Kd1 Rd8 46. Ke2 Rd6 47.
Rc4 Be6 48. Bf4 Bxc4 49. Bxd6 Bd5 50. Bc7 Bd4 51. Nf4 Bf7 52. Kd3 Bg1 53. Ne2
Bc5 54. Nc3 g5 55. Bd8 g4 56. Kd2 Be8 57. Bc7 Bc6 58. h3 h5 59. hxg4 hxg4 60. g3
Kf7 61. Kd3 Ke6 62. Kc4 Kd7 63. Bf4 Bg2 64. Nd5 Kc6 65. Ne3 Bf3 66. Nf5 Be4 67.
Ne3 Bxe3 68. Bxe3 Bxc2 69. Bf4 Bxa4 70. Bg5 Bd1 71. Bd8 Bf3 72. Kc3 Bd5 73. Kd4
Bg8 74. Ke3 Kb5 75. Bc7 Ka6 76. Kd4 Bf7 77. Bd8 Kb7 78. Kc3 Be6 79. Kd4 Kc6 80.
Kc3 Kb5 81. Bc7 Kc6 82. Bd8 Kb5 83. Be7 Ka6 84. Kd4 b5 85. Kc5 b4 86. Bd8 b3 87.
Bf6 a4 1/2-1/2

[Event "48th Groningen Open A"]
[Site "Groningen NED"]
[Date "2011.12.29"]
[Round "8.17"]
[White "Clemens, Adrian"]
[Black "Pel, Bonno"]
[Result "1/2-1/2"]
[WhiteTitle "FM"]
[BlackTitle "FM"]
[WhiteElo "2226"]
[BlackElo "2292"]
[WhiteFideId "1006487"]
[BlackFideId "1004760"]
[EventDate "2011.12.21"]

1. d4 d6 2. Nf3 g6 3. c4 Bg7 4. Nc3 e5 5. e4 Nc6 6. Bg5 f6 7. Be3 Nh6 8. dxe5
dxe5 9. Qxd8+ Kxd8 10. O-O-O+ Bd7 11. h3 Kc8 12. c5 Be6 13. Nd2 Nf7 14. Bc4 Ncd8
15. c6 bxc6 16. Ba6+ Kd7 17. Nb3+ Nd6 18. Nc5+ Ke7 19. N3a4 Bf7 20. b3 Be8 21.
Be2 a5 22. g3 N8f7 23. Na6 Rc8 24. N4c5 f5 25. exf5 Nxf5 26. Bd2 Bh6 27. Bxh6
N7xh6 28. Rhe1 Nf7 29. Bc4 Kf6 30. Nd7+ Bxd7 31. Rxd7 N5d6 32. Bf1 Rhd8 33. Rxc7
Rxc7 34. Nxc7 Rc8 35. Na6 c5 36. Bg2 c4 37. b4 axb4 38. Nxb4 Rc5 39. Nd5+ Ke6
40. Nc3 Nf5 41. g4 Nh4 42. Bh1 g5 43. Be4 h6 44. Kc2 Nd6 45. Rb1 Ra5 46. Rb6 Kd7
47. Kb2 Kc7 48. Rc6+ Kd7 49. Rb6 Kc7 1/2-1/2

[Event "48th Groningen Open A"]
[Site "Groningen NED"]
[Date "2011.12.29"]
[Round "8.19"]
[White "Ypma, Peter"]
[Black "Rietveld, Renze"]
[Result "1-0"]
[WhiteElo "2105"]
[BlackElo "2264"]
[WhiteFideId "1027255"]
[BlackFideId "1013998"]
[EventDate "2011.12.21"]

1. e4 c5 2. c3 g6 3. Nf3 Bg7 4. d4 cxd4 5. cxd4 d5 6. e5 Nc6 7. h3 Nh6 8. Nc3
O-O 9. Bb5 f6 10. exf6 exf6 11. O-O Qd6 12. b3 Be6 13. Na4 Nf5 14. Nc5 Bc8 15.
Ba3 Rf7 16. Re1 a6 17. Re8+ Rf8 18. Rxf8+ Bxf8 19. Nxb7 Qxa3 20. Bxc6 Ne7 21.
Qc2 Bf5 22. Bxd5+ Nxd5 23. Qc6 Nf4 24. Nd6 Qxd6 25. Qxa8 Be6 26. Qe4 Bd5 27. Qe3
Qc6 28. Qxf4 Bd6 29. Qe3 a5 30. Rc1 Qd7 31. Qc3 Bb4 32. Qc8+ Qxc8 33. Rxc8+ Kg7
34. Rc7+ Kh6 35. Ra7 g5 36. Nh2 Kg6 37. Ng4 h5 38. Ne3 Be4 39. d5 1-0

[Event "48th Groningen Open A"]
[Site "Groningen NED"]
[Date "2011.12.29"]
[Round "8.20"]
[White "Duijker, Rick"]
[Black "Cako, Laszlo"]
[Result "1-0"]
[WhiteTitle "FM"]
[WhiteElo "2204"]
[BlackElo "2111"]
[WhiteFideId "1010565"]
[BlackFideId "1008153"]
[EventDate "2011.12.21"]

1. e4 e5 2. Nf3 Nc6 3. Bb5 a6 4. Ba4 Nf6 5. O-O Be7 6. Bxc6 dxc6 7. Qe1 Nd7 8.
b3 c5 9. Bb2 f6 10. Nc3 Nb8 11. Nd5 Bd6 12. Nh4 Nc6 13. f4 O-O 14. fxe5 Nxe5 15.
d3 Qe8 16. Nf5 Bxf5 17. Rxf5 Ng4 18. h3 Nh6 19. Rf3 Be5 20. Bc3 Rd8 21. Ne3 Nf7
22. Ng4 Bxc3 23. Qxc3 Ne5 24. Nxe5 Qxe5 25. Qxe5 fxe5 26. Raf1 g6 27. a3 a5 28.
a4 Kg7 29. g4 Rxf3 30. Rxf3 c6 31. Kf2 b5 32. axb5 cxb5 33. Ke2 Ra8 34. Rf1 a4
35. bxa4 Rxa4 36. Kd2 Ra2 37. Kc3 Ra3+ 38. Kb2 b4 39. Ra1 Rc3 40. Ra4 Kf6 41. h4
h6 42. Ra6+ Kf7 43. Rc6 Kg7 44. g5 h5 45. Re6 c4 46. Rc6 cxd3 47. Rxc3 bxc3+ 48.
Kxc3 dxc2 49. Kxc2 Kf7 50. Kb3 Ke6 51. Kc4 Kd6 52. Kb5 Ke7 53. Kc5 1-0

[Event "48th Groningen Open A"]
[Site "Groningen NED"]
[Date "2011.12.29"]
[Round "8.21"]
[White "Lyell, Mark"]
[Black "Kerigan, Demre"]
[Result "1/2-1/2"]
[WhiteTitle "FM"]
[WhiteElo "2189"]
[BlackElo "2192"]
[WhiteFideId "402354"]
[BlackFideId "6307841"]
[EventDate "2011.12.21"]

1. e4 d6 2. Nc3 g6 3. d4 Nf6 4. Nf3 Bg7 5. Be2 O-O 6. O-O c5 7. d5 Na6 8. Nd2
Nc7 9. a4 e6 10. Nc4 Nxe4 11. Nxe4 exd5 12. Bg5 f6 13. Bf4 dxe4 14. Bxd6 Rf7 15.
Bxc5 Rd7 16. Qb1 Rd5 17. Rd1 Be6 18. Ne3 Rxd1+ 19. Qxd1 b6 20. Ba3 f5 21. Qe1
Qg5 22. g3 f4 23. Nc4 Rd8 24. c3 Bd5 25. Rd1 h5 26. Bd6 Ne6 27. h4 Qf5 28. gxf4
Bxc4 29. Bxc4 Qg4+ 30. Kf1 Qh3+ 1/2-1/2

[Event "48th Groningen Open A"]
[Site "Groningen NED"]
[Date "2011.12.29"]
[Round "8.22"]
[White "Bijlsma, Nick"]
[Black "Anurag, Mhamal"]
[Result "1-0"]
[WhiteElo "2150"]
[BlackElo "2222"]
[WhiteFideId "1007041"]
[BlackFideId "5024366"]
[EventDate "2011.12.21"]

1. e4 e5 2. Nf3 Nc6 3. Bb5 a6 4. Ba4 Nf6 5. Qe2 b5 6. Bb3 Bc5 7. d3 d6 8. c3 Bb6
9. Bg5 h6 10. Bh4 g5 11. Bg3 Bg4 12. h3 Bh5 13. Nbd2 Bg6 14. Bh2 Rb8 15. a3 Kf8
16. Nf1 Nh5 17. N3d2 Nf4 18. Bxf4 gxf4 19. h4 h5 20. g3 Qf6 21. Qf3 Kg7 22.
O-O-O a5 23. gxf4 exf4 24. Nb1 Ne5 25. Qe2 f3 26. Qd2 d5 27. d4 Nc4 28. Bxc4
bxc4 29. Ng3 dxe4 30. Rde1 Rhe8 31. Nf1 c6 32. Qd1 Bc7 33. Ne3 Bf4 34. Nd2 Qe6
35. Qa4 c5 36. d5 Bxe3 37. dxe6 Bxd2+ 38. Kxd2 Rxb2+ 39. Ke3 fxe6 40. Qd7+ Kf6
41. Rhg1 1-0

[Event "48th Groningen Open A"]
[Site "Groningen NED"]
[Date "2011.12.29"]
[Round "8.23"]
[White "Andraschko, Felix"]
[Black "Vogel, Jaap"]
[Result "0-1"]
[BlackTitle "FM"]
[WhiteElo "2103"]
[BlackElo "2169"]
[WhiteFideId "24628174"]
[BlackFideId "1000764"]
[EventDate "2011.12.21"]

1. e4 e6 2. d4 d5 3. Nd2 Nf6 4. e5 Nfd7 5. Bd3 c5 6. c3 Nc6 7. Ne2 a5 8. O-O
cxd4 9. cxd4 Nb6 10. Nf3 Bd7 11. a3 a4 12. Nf4 g6 13. Nh3 h6 14. Nf4 Bg7 15. Bd2
Nc8 16. Bc3 N8e7 17. Re1 Qb6 18. Qe2 Na7 19. Bb4 Bb5 20. Bc5 Qa6 21. Bxe7 Kxe7
22. Qd2 Rhc8 23. Rac1 Bxd3 24. Nxd3 Nc6 25. Rc2 Ke8 26. Rec1 Bf8 27. Nb4 Qb5 28.
Ne1 Ne7 29. Rxc8+ Rxc8 30. Rxc8+ Nxc8 31. Qc3 Kd8 32. Qd3 Qb6 33. Nec2 Ne7 34.
g4 Nc6 35. Nxc6+ bxc6 36. Qc3 c5 37. Kg2 cxd4 38. Qd3 Bc5 39. Nb4 Bxb4 40. axb4
Qxb4 41. Qa6 d3 0-1

[Event "48th Groningen Open A"]
[Site "Groningen NED"]
[Date "2011.12.29"]
[Round "8.24"]
[White "Maris, Ivo"]
[Black "Sparenberg, Erik"]
[Result "0-1"]
[WhiteElo "2022"]
[BlackElo "2162"]
[WhiteFideId "1028146"]
[BlackFideId "1013262"]
[EventDate "2011.12.21"]

1. d4 d5 2. c4 c6 3. Nf3 Nf6 4. Nc3 e6 5. Bg5 Be7 6. e3 O-O 7. Bd3 Nbd7 8. O-O
b6 9. Qc2 Bb7 10. Ne5 h6 11. Bh4 Nxe5 12. dxe5 Ng4 13. Bg3 Qb8 14. cxd5 cxd5 15.
f4 Nxe3 16. Qe2 Nxf1 17. Rxf1 Qd8 18. Bb1 g6 19. h4 Bxh4 20. Qg4 Bxg3 21. Qxg3
Kg7 22. f5 exf5 23. Rxf5 Rc8 24. Rf6 Rc6 25. Nxd5 Qxd5 26. Bxg6 Rxf6 27. Be4+
Rg6 0-1

[Event "48th Groningen Open A"]
[Site "Groningen NED"]
[Date "2011.12.29"]
[Round "8.25"]
[White "Kappus, Stephan"]
[Black "Dehn, Marcus"]
[Result "1/2-1/2"]
[WhiteElo "2093"]
[BlackElo "2134"]
[WhiteFideId "12906875"]
[BlackFideId "4667093"]
[EventDate "2011.12.21"]

1. e4 g6 2. d4 c6 3. Nf3 d5 4. Nc3 Bg4 5. Be2 Bg7 6. Be3 dxe4 7. Nxe4 Nh6 8. Ng3
Nf5 9. Nxf5 Bxf5 10. Qd2 Nd7 11. O-O e5 12. Bh6 Bxh6 13. Qxh6 e4 14. Ne5 Nxe5
15. dxe5 Qc7 16. Qg7 O-O-O 17. Rad1 Rhg8 18. Qf6 Rge8 19. Bc4 Rxd1 20. Rxd1 Qxe5
21. Qxe5 Rxe5 22. Bxf7 e3 23. fxe3 Bxc2 24. Rd2 Bf5 25. Kf2 Be6 26. Bxe6+ Rxe6
27. Kf3 Kc7 28. Kf4 h6 29. h4 c5 30. g4 Rd6 31. Rc2 Rc6 32. h5 g5+ 33. Kf5 Kd7
34. e4 b5 35. e5 c4 36. a3 a5 37. Ke4 Ke6 38. Rf2 b4 39. axb4 axb4 40. Rf6+ Kd7
41. Rxc6 Kxc6 42. Kd4 c3 43. bxc3 bxc3 44. Kxc3 Kd5 45. e6 Kxe6 46. Kd4 Kd6 47.
Ke4 Ke6 48. Kd4 1/2-1/2

[Event "48th Groningen Open A"]
[Site "Groningen NED"]
[Date "2011.12.29"]
[Round "8.26"]
[White "Van Overdam, Jan"]
[Black "Theulings, Paul-Peter"]
[Result "1-0"]
[BlackTitle "CM"]
[WhiteElo "2069"]
[BlackElo "2128"]
[WhiteFideId "1022741"]
[BlackFideId "1002899"]
[EventDate "2011.12.21"]

1. e4 Nf6 2. e5 Nd5 3. Nc3 Nxc3 4. bxc3 d6 5. f4 g6 6. d4 Bg7 7. Nf3 O-O 8. Bd3
c5 9. O-O Qa5 10. Bd2 dxe5 11. fxe5 Nc6 12. Qe1 Qd8 13. Qh4 cxd4 14. cxd4 e6 15.
Bg5 f6 16. exf6 Bxf6 17. c3 Bd7 18. Bxf6 Qxf6 19. Ng5 Qg7 20. Bc4 Rxf1+ 21. Rxf1
Nd8 22. d5 Qe7 23. dxe6 Bxe6 24. Nxe6 Qxh4 25. Rf8# 1-0

[Event "48th Groningen Open A"]
[Site "Groningen NED"]
[Date "2011.12.30"]
[Round "9.1"]
[White "Zherebukh, Yaroslav"]
[Black "Kovchan, Alexander"]
[Result "1/2-1/2"]
[WhiteTitle "GM"]
[BlackTitle "GM"]
[WhiteElo "2594"]
[BlackElo "2573"]
[WhiteFideId "14116804"]
[BlackFideId "14103052"]
[EventDate "2011.12.21"]

1. e4 c5 2. Nf3 Nc6 3. d4 cxd4 4. Nxd4 g6 5. Nc3 Bg7 6. Be3 Nf6 7. Bc4 Qa5 8.
O-O O-O 9. Nb3 Qc7 10. Be2 a6 11. f4 d6 1/2-1/2

[Event "48th Groningen Open A"]
[Site "Groningen NED"]
[Date "2011.12.30"]
[Round "9.5"]
[White "Durarbeyli, Vasif"]
[Black "Bok, Benjamin"]
[Result "1-0"]
[WhiteTitle "GM"]
[BlackTitle "IM"]
[WhiteElo "2539"]
[BlackElo "2513"]
[WhiteFideId "13402935"]
[BlackFideId "1017063"]
[EventDate "2011.12.21"]

1. e4 e5 2. Nf3 Nc6 3. Bb5 a6 4. Ba4 Nf6 5. O-O b5 6. Bb3 Bc5 7. c3 d6 8. a4 Rb8
9. d4 Bb6 10. a5 Ba7 11. h3 O-O 12. Be3 Ra8 13. Nbd2 Bb7 14. Re1 Re8 15. Qc2 h6
16. d5 Ne7 17. c4 c6 18. cxb5 cxd5 19. Bxa7 Rxa7 20. b6 Ra8 21. exd5 Nexd5 22.
Bc4 Nf4 23. Bf1 Rc8 24. Qa4 e4 25. Nd4 Nd7 26. b4 Rc3 27. Re3 Rxe3 28. fxe3 Nd5
29. Nc4 N7f6 30. b5 Nc3 31. Qa3 Nfd5 32. Nxd6 Qg5 33. Qc1 Re7 34. Nxb7 Rxb7 35.
bxa6 Rd7 36. b7 Rd8 37. a7 1-0

[Event "48th Groningen Open A"]
[Site "Groningen NED"]
[Date "2011.12.30"]
[Round "9.6"]
[White "Ernst, Sipke"]
[Black "Hoffmann, Michael1"]
[Result "1/2-1/2"]
[WhiteTitle "GM"]
[BlackTitle "GM"]
[WhiteElo "2593"]
[BlackElo "2499"]
[WhiteFideId "1004689"]
[BlackFideId "4601297"]
[EventDate "2011.12.21"]

1. Nf3 g6 2. c4 Bg7 3. d4 Nf6 4. Nc3 d5 5. cxd5 Nxd5 6. e4 Nxc3 7. bxc3 c5 8.
Rb1 O-O 9. Be2 Nc6 10. d5 Ne5 11. Nxe5 Bxe5 12. Qd2 e6 13. f4 Bg7 14. c4 Re8 15.
e5 f6 16. d6 fxe5 17. Bb2 exf4 18. Bxg7 Kxg7 19. O-O Rf8 20. Rxf4 Rxf4 21. Qxf4
Qf6 22. Qd2 b6 23. d7 Bb7 24. Rd1 Qd4+ 25. Qxd4+ cxd4 26. Rxd4 Rd8 27. Bg4 Kf7
28. Bh3 Ke7 29. Rh4 h5 30. g4 hxg4 31. Rxg4 Kf6 32. Rd4 Ke7 33. Rg4 Kf6 34. Rd4
Ke7 35. Rg4 1/2-1/2

[Event "48th Groningen Open A"]
[Site "Groningen NED"]
[Date "2011.12.30"]
[Round "9.7"]
[White "Michiels, Bart"]
[Black "Brandenburg, Daan"]
[Result "1/2-1/2"]
[WhiteTitle "IM"]
[BlackTitle "GM"]
[WhiteElo "2492"]
[BlackElo "2519"]
[WhiteFideId "202967"]
[BlackFideId "1011014"]
[EventDate "2011.12.21"]

1. d4 Nf6 2. c4 c5 3. d5 b5 4. Nf3 Bb7 5. a4 Qa5+ 6. Bd2 b4 7. Qc2 g6 8. e4 d6
9. Bd3 Bg7 10. O-O Nbd7 11. h3 O-O 12. Be3 Rae8 13. Nbd2 h6 14. Rfe1 e5 15. g4
Kh8 16. Nf1 Bc8 17. Ng3 Ng8 18. Kg2 Ndf6 19. Rh1 Ne7 20. Rag1 Nfg8 21. b3 Bd7
22. Kf1 Qd8 23. Rg2 Qc8 24. Rhg1 Nf6 25. Qc1 Kh7 26. Nf5 Bxf5 27. gxf5 Rh8 28.
h4 Kg8 29. Nh2 Kf8 30. f4 Nd7 31. Nf3 Nxf5 32. exf5 e4 33. fxg6 f5 34. Be2 exf3
35. Bxf3 Nf6 36. h5 Ne4 37. Re2 Bf6 38. Bxe4 Rxe4 39. Qc2 Kg7 40. Rgg2 Rhe8 41.
Bc1 Bd4 42. Qd3 Qd8 43. Rxe4 Rxe4 44. Qh3 Qe7 45. Bd2 Be3 46. Qxf5 Rxf4+ 47.
Qxf4 Bxf4 48. Bxf4 Qe4 49. Bxh6+ Kxh6 50. g7 Qb1+ 51. Kf2 Qc2+ 52. Kf1 Qd1+ 53.
Kf2 Qd4+ 54. Ke2 Qe5+ 55. Kf1 Qf6+ 56. Ke2 Qb2+ 57. Kf1 Qc1+ 1/2-1/2

[Event "48th Groningen Open A"]
[Site "Groningen NED"]
[Date "2011.12.30"]
[Round "9.11"]
[White "Poetsch, Hagen"]
[Black "Thakur, Akash"]
[Result "1-0"]
[WhiteTitle "IM"]
[WhiteElo "2408"]
[BlackElo "2324"]
[WhiteFideId "24615137"]
[BlackFideId "5008514"]
[EventDate "2011.12.21"]

1. e4 e5 2. Nf3 Nc6 3. Bc4 Bc5 4. b4 Bxb4 5. c3 Be7 6. d4 Na5 7. Be2 d6 8. Qa4+
c6 9. dxe5 dxe5 10. Nxe5 b5 11. Qc2 Qc7 12. Nf3 Nf6 13. O-O O-O 14. Bg5 Ng4 15.
Bxe7 Qxe7 16. Nbd2 a6 17. h3 Ne5 18. Nd4 c5 19. N4b3 Nec6 20. f4 f5 21. Bf3 c4
22. Nxa5 Nxa5 23. Rae1 Bb7 24. Kh1 Rad8 25. exf5 Qd7 26. Ne4 Qxf5 27. Bg4 Bxe4
28. Rxe4 Rd2 29. Qxd2 Qxe4 30. Qd6 Qa8 31. Bf3 Qd8 32. Qxa6 Qd3 33. Rd1 Qxc3 34.
Qxb5 Qa3 35. Qe5 Qa4 36. Rd5 Nc6 37. Qe6+ Kh8 38. Rf5 1-0

[Event "48th Groningen Open A"]
[Site "Groningen NED"]
[Date "2011.12.30"]
[Round "9.15"]
[White "Georgiadis, Nico"]
[Black "Duijker, Rick"]
[Result "1-0"]
[WhiteTitle "FM"]
[BlackTitle "FM"]
[WhiteElo "2316"]
[BlackElo "2204"]
[WhiteFideId "1300113"]
[BlackFideId "1010565"]
[EventDate "2011.12.21"]

1. e4 e5 2. Nf3 Nc6 3. Bb5 Nf6 4. Qe2 Bd6 5. c3 O-O 6. d3 h6 7. Nbd2 a6 8. Ba4
b5 9. Bc2 Re8 10. Nf1 Bc5 11. Ng3 d5 12. h3 Be6 13. Be3 Bxe3 14. Qxe3 d4 15. Qd2
Qd6 16. Bb3 dxc3 17. bxc3 Rad8 18. Rd1 b4 19. O-O bxc3 20. Qxc3 Nd4 21. Nxd4
exd4 22. Qc2 c5 23. Rb1 Rc8 24. Bc4 Nd7 25. f4 Nb6 26. e5 Qc7 27. Bxe6 Rxe6 28.
Nf5 Nd5 29. Qc4 Rd8 30. Rbc1 Nc3 31. Nxd4 Rxd4 32. Qxc3 Qd8 33. Qxc5 Rxd3 34.
Rf2 g6 35. f5 gxf5 36. Rxf5 Rd1+ 37. Rxd1 Qxd1+ 38. Kh2 Qd3 39. Rf3 Qe4 40. Qc8+
Kg7 41. Rg3+ Rg6 42. Rxg6+ Qxg6 43. Qg4 Qxg4 44. hxg4 f6 45. exf6+ Kxf6 46. Kg3
Ke5 47. Kh4 Kf4 48. a3 a5 49. a4 Ke5 50. g5 hxg5+ 51. Kxg5 Kd4 52. g4 Kc4 53.
Kf5 Kb4 54. g5 Kxa4 55. g6 1-0

[Event "48th Groningen Open A"]
[Site "Groningen NED"]
[Date "2011.12.30"]
[Round "9.16"]
[White "Meng, Roger"]
[Black "Ypma, Peter"]
[Result "1/2-1/2"]
[WhiteElo "2283"]
[BlackElo "2105"]
[WhiteFideId "1000152"]
[BlackFideId "1027255"]
[EventDate "2011.12.21"]

1. e4 e6 2. d4 d5 3. Nc3 Bb4 4. Ne2 Nf6 5. e5 Ne4 6. a3 Nxc3 7. bxc3 Be7 8. Nf4
c5 9. Qg4 g6 10. h4 h5 11. Qg3 c4 12. Rb1 Nc6 13. Be2 Rb8 14. Rh3 Kd7 15. Qf3
Kc7 16. g3 b5 17. Rh1 Bd7 18. Nh3 Be8 19. Ng5 Qd7 20. Qf4 a5 21. g4 hxg4 22.
Bxg4 b4 23. axb4 axb4 24. h5 Bxg5 25. Qxg5 bxc3 26. Rxb8 Kxb8 27. Be3 Qe7 28.
Qxe7 Nxe7 29. h6 Rh7 30. Ke2 Ng8 31. Bg5 Ba4 32. Kd1 Kc7 33. Rh3 Kb6 34. Be2 Kc7
35. Rxc3 Rxh6 36. Bxh6 Nxh6 37. Ra3 Bc6 38. Kd2 Nf5 39. c3 Kd8 40. Ra7 Ke8 41.
Bg4 Ne7 42. Ke3 Kf8 43. Kd2 Ke8 44. Kc2 Bd7 45. Kb2 Nc8 46. Ra6 Ne7 47. Ka3 Nf5
48. Bxf5 exf5 49. f4 Be6 50. Kb4 Kf8 51. Kc5 Kg7 52. Ra1 Kh6 53. Rh1+ Kg7 54.
Kd6 Kg8 55. Ra1 Kg7 56. Ra8 g5 57. fxg5 Kg6 58. Rg8+ Kh7 59. Rf8 Kg6 60. Rg8+
Kh7 61. Rb8 1/2-1/2

[Event "48th Groningen Open A"]
[Site "Groningen NED"]
[Date "2011.12.30"]
[Round "9.17"]
[White "De Jong, Migchiel"]
[Black "Kerigan, Demre"]
[Result "1-0"]
[WhiteTitle "IM"]
[WhiteElo "2367"]
[BlackElo "2192"]
[WhiteFideId "1002848"]
[BlackFideId "6307841"]
[EventDate "2011.12.21"]

1. e4 d6 2. d4 Nf6 3. Nc3 g6 4. Nf3 Bg7 5. Be2 O-O 6. O-O Bg4 7. h3 Bxf3 8. Bxf3
Nc6 9. Ne2 e5 10. c3 d5 11. exd5 e4 12. Bxe4 Nxe4 13. dxc6 bxc6 14. Bf4 Rb8 15.
Qc2 Re8 16. Ng3 Nd6 17. Rfe1 Qd7 18. b3 h5 19. Be5 h4 20. Bxg7 Kxg7 21. Ne4 Qf5
22. f3 c5 23. Qd3 cxd4 24. Qxd4+ Qe5 25. Qxe5+ Rxe5 26. Nxd6 cxd6 27. Rxe5 dxe5
28. Rd1 Rb7 29. Rd6 Kf8 30. c4 Ke7 31. Ra6 Rd7 32. Kf1 Rc7 33. Ke2 Rd7 34. c5
Kd8 35. b4 Kc8 36. Ke3 Kb8 37. Rd6 Re7 38. a4 1-0

[Event "48th Groningen Open A"]
[Site "Groningen NED"]
[Date "2011.12.30"]
[Round "9.18"]
[White "Pel, Bonno"]
[Black "Lyell, Mark"]
[Result "1-0"]
[WhiteTitle "FM"]
[BlackTitle "FM"]
[WhiteElo "2292"]
[BlackElo "2189"]
[WhiteFideId "1004760"]
[BlackFideId "402354"]
[EventDate "2011.12.21"]

1. g3 e5 2. d3 f5 3. Bg2 Nc6 4. c3 Nf6 5. Nf3 Be7 6. b4 a6 7. Qb3 d5 8. O-O O-O
9. Nbd2 Kh8 10. e4 fxe4 11. dxe4 d4 12. Bb2 d3 13. Ng5 Qe8 14. Ne6 Bxe6 15. Qxe6
Qh5 16. Rae1 Rae8 17. Qc4 Rd8 18. h3 Rd6 19. a4 Nd7 20. a5 b5 21. axb6 Nxb6 22.
Qxa6 Bg5 23. f4 exf4 24. e5 Re6 25. g4 Qg6 26. Nf3 Rd8 27. Bc1 Be7 28. Bxf4 Nd5
29. Qc4 h6 30. Bd2 Nb6 31. Qe4 Qe8 32. Nd4 Nxd4 33. cxd4 Nc4 34. Qxd3 Nxd2 35.
Qxd2 Qb5 36. Qa2 Qb6 37. Kh1 Rxd4 38. Bd5 Rxd5 39. Qxd5 1-0

[Event "48th Groningen Open A"]
[Site "Groningen NED"]
[Date "2011.12.30"]
[Round "9.20"]
[White "Meurs, Tom"]
[Black "Sparenberg, Erik"]
[Result "1-0"]
[WhiteElo "2247"]
[BlackElo "2162"]
[WhiteFideId "1021176"]
[BlackFideId "1013262"]
[EventDate "2011.12.21"]

1. e4 e5 2. Nf3 Nc6 3. Bb5 a6 4. Ba4 Nf6 5. O-O Be7 6. Re1 b5 7. Bb3 O-O 8. h3
Bb7 9. d3 d6 10. a3 Na5 11. Ba2 c5 12. Nbd2 Nc6 13. Nf1 Nd4 14. N3h2 Ne6 15. Ng4
Nxg4 16. hxg4 Bg5 17. Ne3 g6 18. c3 Rc8 19. g3 Kg7 20. Qf3 Bxe3 21. Qxe3 Qd7 22.
Qh6+ Kg8 23. f4 exf4 24. gxf4 c4 25. f5 Nc5 26. Re2 f6 27. dxc4 g5 28. cxb5+ Kh8
29. Be3 Qxb5 30. Bd4 Nd7 31. Rh2 1-0

[Event "48th Groningen Open A"]
[Site "Groningen NED"]
[Date "2011.12.30"]
[Round "9.23"]
[White "Afek, Yochanan"]
[Black "Van Overdam, Jan"]
[Result "1-0"]
[WhiteTitle "IM"]
[WhiteElo "2301"]
[BlackElo "2069"]
[WhiteFideId "2800462"]
[BlackFideId "1022741"]
[EventDate "2011.12.21"]

1. e4 c5 2. Nf3 a6 3. c3 d5 4. exd5 Qxd5 5. d4 e6 6. Be2 Be7 7. O-O Nf6 8. c4
Qd8 9. dxc5 Qxd1 10. Rxd1 Bxc5 11. Nc3 Nc6 12. a3 e5 13. b4 Bd4 14. Bb2 Be6 15.
b5 Na5 16. Nxd4 exd4 17. Nd5 Bxd5 18. cxd5 Nb3 19. Rab1 O-O 20. Rd3 Rfe8 21. Bf1
Nc5 22. Rxd4 axb5 23. Bxb5 Red8 24. Rbd1 Ra5 25. a4 b6 26. f3 Ne8 27. d6 Ra7 28.
Ba3 Ne6 29. R4d2 Nf6 30. d7 Nc5 31. g4 h6 32. h4 Nh7 33. Bxc5 bxc5 34. Re2 Nf8
35. Re8 Raa8 36. Bc6 Rab8 37. a5 c4 38. a6 c3 39. Rc1 1-0